000 00937nam a2200277 a 4500
001 BRCA_8652
005 20190320210345.0
008 041016s1837----uk-a######---#000-0#eng-#
041 _aeng
044 _aUk
050 4 _aDP22
_b.R64
_c1837
100 1 _aRobert´s, David
_921583
245 1 0 _aSketches in Spain
_cDavid Robert´s.
260 _aLondon
_bHodgson & graves
_c1837
300 _a1 vol. (sin paginación)
_bil.
_c56 cm
500 _aFondo antiguo
500 _aSe encuentra en Caja Fuerte
500 _aW-14 B-87/R-25
500 _a19 láminas con litografías de lugares representativos de España
500 _aVol. 2 ver también: R-46/B. No. de sistema: 8653
506 0 _aFondo reservado: para su consulta es necesario credencial de usuario y carta de motivos
650 1 4 _aMonumentos
_eObras ilustradas
_zEspaña
_921584
650 1 4 _aDescripción y viajes
_zEspaña
_911265
902 _aLAR
942 _2lcc
_cB
999 _c8311
_d8311